00492nam a22001813 450000100060000000300080000600500170001400800410003103500190007204000270009104100080011808200130012610000250013924500470016426000310021130000200024265000480026224398BD-RjUL20211209001039.0140313s1939 enk 000 0 eng d a(BD-RjUL)24464 aEQOcEQObengdBD-RjUL aeng a942bSHL1 aShort, Ernest Henry.10aLiving with history /cErnest Henry, Short aLondon :blongmans,c1939. a155 p. ;c18cm. a Mexico -- History -- Conquest, 1519-1540.